000 00388nam a22001697a 4500
003 OSt
005 20211110153552.0
008 211110b |||||||| |||| 00| 0 eng d
020 _a9788131520734
040 _cHU
082 _a330 MEL 2013
100 _aMelvin Michael
_917794
245 _aPrinciples of economics
260 _c2013
300 _aXXXViii853p
942 _2ddc
_cBOOKS
_n0
999 _c17575
_d17575